• 首页
  • 本馆介绍
  • 公告通知
  • 最新文献
  • 馆藏检索
  • 电子资源
  • 读者导购
  • 参考咨询
  • 我的图书馆
  • 登录
  • 详细信息显示
  • 放入我的书架
  • 预约/预借图书
  • 作者相关作品
  • 分类相关作品
  • 丛书相关作品
  • 出版社相关作品

书目信息

  • 表格格式
  • 工作单格式
  • 卡片格式
题名:
国学名著导读
    
 
作者: 苏志芳 编著
分册:   历史卷
出版信息: 北京   北京理工大学出版社  2014.5
页数: 232页
开本: 24cm
丛书名: 国学名著导读
单 册:
中图分类: Z126-49
科图分类:
主题词: 国学--guo xue--通俗读物 , 通俗读物--tong su du wu
电子资源:
ISBN: 978-7-5640-8266-6
000 01011nam0 22002771 450
001 0122100838
005 20170322100838.0
010    @a978-7-5640-8266-6@dCNY32.00
100    @a20151125d2014 em y0chiy0110 ea
101 0  @achi
102    @aCN@b110000
105    @ay z 000yy
106    @ar
200 1  @a国学名著导读@9guo xue ming zhu dao du@e书史足自悦@i历史卷@f苏志芳编著
210    @a北京@c北京理工大学出版社@d2014.5
215    @a232页@d24cm
225 2  @a国学名著导读@9guo xue ming zhu dao du
330    @a本书以历史名著为大依托,为读者呈现出与以往了解的历史不同角度的新视角历史,可以让读者在了解历史的同时,有可以体会到其中的哲理和感悟。书中通过引用古往今来国学经典中的文学经典,向世人展示文学独有的魅力。
461  0 @12001@a国学名著导读
517 1  @a书史足自悦@9shu shi zu zi yue
606 0  @a国学@9guo xue@x通俗读物
606 0  @a通俗读物@9tong su du wu
690    @aZ126-49@v5
701  0 @a苏志芳@9su zhi fang@4编著
801  0 @aCN@bTANGWEI@c20170308
905    @b0960182-5@dZ126-49@e121@f4
    
    国学名著导读:书史足自悦.历史卷/苏志芳编著.-北京:北京理工大学出版社,2014.5
    232页;24cm.-(国学名著导读)
    
    
    ISBN 978-7-5640-8266-6:CNY32.00
    本书以历史名著为大依托,为读者呈现出与以往了解的历史不同角度的新视角历史,可以让读者在了解历史的同时,有可以体会到其中的哲理和感悟。书中通过引用古往今来国学经典中的文学经典,向世人展示文学独有的魅力。
●
相关链接 在E读中查询图书 在五车中查询图书 在当当中查询图书 在豆瓣中查询图书


正题名:国学名著导读     索取号:Z126-49/121         预约/预借

序号 登录号 条形码 馆藏地/架位号 状态 备注
1 0960182   209601821   第二样本阅览室/ [索取号:Z126-49/121] 在馆    
2 0960183   209601830   第三借阅区/ [索取号:Z126-49/121] 在馆    
3 0960184   209601849   第三借阅区/ [索取号:Z126-49/121] 在馆    
4 0960185   209601858   第三借阅区/ [索取号:Z126-49/121] 在馆    
唐山师范学院图书馆 欢迎您!
大连网信软件有限公司© 版权所有